| 000 | 00440nam a2200157 a 4500 | ||
|---|---|---|---|
| 005 | 20140412111300.0 | ||
| 008 | 060405s19uu xx 00 eng d | ||
| 020 | _a0-590-49455-4 | ||
| 050 |
_aTR(GS 425 _bT47 1993 |
||
| 100 | _aTerban, Marvin | ||
| 245 |
_aChecking your grammar / _cMarvin Terban. |
||
| 260 |
_aNew York : _bScholatic Inc., _c1993. |
||
| 300 | _a411 p. ; ill. | ||
| 650 |
_aGrammar _xJuvenile literature |
||
| 999 |
_c103358 _d103358 |
||